000 00258nam a22001097a 4500
008 170119b xxu||||| |||| 00| 0 eng d
020 _a9781593107352
041 _aeng
080 _a618.2
245 _aLIGHT FOR MY PATH FOR NURSES
_cHAKE, G.M
942 _2udc
_cBK
999 _c3149
_d3149